| 000 | 00409nam a2200145Ia 4500 | ||
|---|---|---|---|
| 008 | 240126s9999 xx 000 0 und d | ||
| 041 | _aEnglish | ||
| 082 | _aPRCS17-2277 | ||
| 100 | _aAdhip Pal. | ||
| 245 | 0 |
_aEnergy aware virtual machine scheduling _bProf. Phalachandra, H L. |
|
| 260 |
_bPES University _aBangalore |
||
| 440 | _aNULL | ||
| 650 | _aEnergy,aware,virtual,machine,scheduling | ||
| 942 | _cPR | ||
| 999 |
_c283750 _d283750 |
||